| 000 | 00539nam a22001937a 4500 | ||
|---|---|---|---|
| 003 | KOHA_MİRAKIL | ||
| 005 | 20251013131906.0 | ||
| 008 | 251013b tu ||||| |||| 00| 0 tur d | ||
| 020 | _a9789750525551 | ||
| 040 |
_aTR-AnABB _btur _cTR-AnABB |
||
| 041 | _atur | ||
| 082 |
_a813.42 _bTAH 2020 |
||
| 100 | 1 | _aTahincioğlu, Gökçer, | |
| 245 | 1 | 0 |
_aMühür / _cGökçer Tahincioğlu |
| 260 |
_aİstanbul : _bİletişim Yayınları, _c2020 |
||
| 300 |
_a257 sayfa ; _c21 cm |
||
| 650 | 0 | 4 | _aTürk edebiyatı, roman |
| 942 |
_2ddc _cBK |
||
| 999 |
_c9140 _d9140 |
||
| 900 | _bGizem YORULMAZ | ||